| 000 | 00699nam a2200229 i 4500 | ||
|---|---|---|---|
| 001 | bg | ||
| 100 | 1 | _aŁABANOWSKI, Krzysztof | |
| 245 | 1 | 0 |
_aProgramowanie kart graficznych : _b[MDA, CGA, EGA, VGA, Hercules, SVGA] / _cKrzysztof Łabanowski. |
| 250 | _aWyd. 2 popr. i uzup. | ||
| 260 |
_aWarszawa : _b"Lupus", _c1994. |
||
| 300 |
_a375 s. : _brys., wykr. ; _c24 cm. |
||
| 504 | _aBibliogr. s. 370. - Indeks. | ||
| 521 | _aDla użytkowników mikrokomputerów klasy IBM PC. | ||
| 650 | 9 |
_aKarty graficzne _xprogramowanie |
|
| 020 | _a8385545239 | ||
| 040 | _cBPK | ||
| 041 | 0 | _apl | |
| 080 | _a004.35 | ||
| 920 | _a83-85545-23-9 | ||
| 942 | _cKS | ||
| 008 | s pl f |000 0 pol | ||
| 999 |
_c37584 _d37584 |
||
| 856 |
_uhttp://koha.tu.koszalin.pl/cgi-bin/koha/opac-detail.pl?biblionumber=37584 _yKatalog online BPK |
||